| 000 | 00666nam a2200241 i 4500 | ||
|---|---|---|---|
| 001 | 5851 | ||
| 003 | ES-MaACL | ||
| 005 | 20231216062902.0 | ||
| 007 | t| | ||
| 008 | 890531s1986 sp ||||1| spa d | ||
| 020 | _a84-7681-003-2 | ||
| 080 | _a86-14"19" | ||
| 080 | _a86(Juaristi, J.7 D.01) | ||
| 100 | 1 |
_aJuaristi, Jon, _d1951- _967169 |
|
| 245 | 1 | 0 |
_aDiario del poeta recien cansado / _cJon Juaristi. |
| 250 | _a2a ed. | ||
| 260 |
_aPamplona : _bPamiela, _c1986. |
||
| 300 |
_a61 p. ; _c19 cm. |
||
| 490 | 1 | _aPamiela poesía | |
| 830 | 0 |
_aPamiela poesía _9177375 |
|
| 852 |
_aES-MaACL _jL-12978 _bR.115976 _z. - rust. |
||
| 999 |
_c5851 _d5851 |
||